[Event "Aeroflot Open 2012 A"]
[Site "Moscow"]
[Date "2012.02.09"]
[Round "3"]
[White "Alekseev, Evgeny"]
[Black "Rodshtein, Maxim"]
[Result "1/2-1/2"]
[WhiteElo "2670"]
[BlackElo "2634"]
[PlyCount "33"]
[EventDate "2012.02.07"]
[EventRounds "9"]
[EventCountry "RUS"]

1. Nf3 Nf6 2. c4 g6 3. Nc3 d5 4. cxd5 Nxd5 5. g3 Bg7 6. Bg2 O-O 7. O-O Nc6 8.
Qb3 Nb6 9. d3 h6 10. Ne4 e5 11. Bd2 Be6 12. Qc2 Bd5 13. Nc5 Bxf3 14. exf3 Nd4
15. Qd1 Rb8 16. f4 exf4 17. Nxb7 1/2-1/2

[Event "Aeroflot Open 2012 A"]
[Site "Moscow"]
[Date "2012.02.09"]
[Round "3"]
[White "Zhigalko, Sergei"]
[Black "Khismatullin, Denis"]
[Result "1/2-1/2"]
[WhiteElo "2658"]
[BlackElo "2664"]
[PlyCount "94"]
[EventDate "2012.02.07"]
[EventRounds "9"]
[EventCountry "RUS"]

1. e4 e5 2. Nf3 Nc6 3. Bc4 Bc5 4. O-O d6 5. c3 Nf6 6. d3 O-O 7. Bb3 Bb6 8. Nbd2
Ne7 9. Nc4 Ng6 10. h3 h6 11. Re1 Re8 12. Bd2 Be6 13. Bc2 Nh7 14. a4 Bxc4 15.
dxc4 a5 16. g3 Qf6 17. Qe2 Ngf8 18. Nh4 Ng5 19. Nf5 Nxh3+ 20. Kg2 Ng5 21. Rh1
Nfh7 22. Rh4 Re6 23. Rah1 Rae8 24. Qg4 Qg6 25. b4 Rf6 26. Qe2 c6 27. Rg4 Rfe6
28. f3 Qf6 29. Bb3 Ba7 30. c5 d5 31. Ne3 dxe4 32. fxe4 Rd8 33. Nf5 Rd7 34. Bxe6
fxe6 35. Nd6 Bb8 36. Rf1 Qg6 37. Bxg5 Nxg5 38. Qd2 b6 39. Qf2 Kh7 40. Qf8 Bxd6
41. cxd6 Qh5 42. Rh4 Qe2+ 43. Rf2 Qe3 44. Qe7 Nxe4 45. Rxe4 Qxe4+ 46. Rf3 Qe2+
47. Rf2 Qe4+ 1/2-1/2

[Event "Aeroflot Open 2012 A"]
[Site "Moscow"]
[Date "2012.02.09"]
[Round "3"]
[White "Gupta, Abhijeet"]
[Black "Vallejo Pons, Francisco"]
[Result "1/2-1/2"]
[WhiteElo "2652"]
[BlackElo "2705"]
[PlyCount "41"]
[EventDate "2012.02.07"]
[EventRounds "9"]
[EventCountry "RUS"]

1. d4 d5 2. c4 c6 3. Nf3 Nf6 4. Nc3 dxc4 5. a4 Bf5 6. Ne5 e6 7. f3 Bb4 8. Nxc4
c5 9. dxc5 Bxc5 10. Qxd8+ Kxd8 11. e4 Bg6 12. Bg5 Kc8 13. Nb5 Nc6 14. Rc1 Nd7
15. Bf4 Kd8 16. h4 h5 17. Rh3 Bb4+ 18. Kf2 Bc5+ 19. Ke1 Bb4+ 20. Kf2 Bc5+ 21.
Ke1 1/2-1/2

[Event "Aeroflot Open 2012 A"]
[Site "Moscow"]
[Date "2012.02.09"]
[Round "3"]
[White "Bartel, Mateusz"]
[Black "Tomashevsky, Evgeny"]
[Result "1/2-1/2"]
[WhiteElo "2658"]
[BlackElo "2740"]
[PlyCount "53"]
[EventDate "2012.02.07"]
[EventRounds "9"]
[EventCountry "RUS"]

1. d4 Nf6 2. c4 e6 3. Nc3 Bb4 4. Qc2 O-O 5. e4 d5 6. e5 Ne4 7. a3 Bxc3+ 8. bxc3
c5 9. Bd3 cxd4 10. cxd4 Qa5+ 11. Kf1 Nc6 12. Ne2 f6 13. Bxe4 dxe4 14. exf6 Rxf6
15. Be3 b6 16. h4 Bb7 17. Rh3 Ne7 18. Kg1 Rc8 19. Bg5 Rf7 20. Rc3 Nf5 21. Rb1
h6 22. Rb5 Qa6 23. Rb4 Bc6 24. d5 exd5 25. cxd5 Bd7 26. Rxc8+ Qxc8 27. Qxc8+
1/2-1/2

[Event "Aeroflot Open 2012 A"]
[Site "Moscow"]
[Date "2012.02.09"]
[Round "3"]
[White "Caruana, Fabiano"]
[Black "Iturrizaga, Eduardo"]
[Result "1-0"]
[WhiteElo "2736"]
[BlackElo "2649"]
[PlyCount "119"]
[EventDate "2012.02.07"]
[EventRounds "9"]
[EventCountry "RUS"]

1. e4 c6 2. d4 d5 3. e5 Bf5 4. Nf3 e6 5. Be2 c5 6. Be3 cxd4 7. Nxd4 Ne7 8. Nd2
Nbc6 9. N2f3 Bg4 10. O-O Bxf3 11. Nxf3 Qc7 12. Rc1 Rd8 13. c4 d4 14. Bf4 h6 15.
h3 g5 16. Bh2 Bg7 17. Bd3 Ng6 18. Qe2 Ngxe5 19. Kh1 f6 20. Nxe5 Nxe5 21. Rce1
Qe7 22. Bxe5 fxe5 23. Bg6+ Kd7 24. Rc1 Rc8 25. Rfd1 Rc7 26. Rd3 Rf8 27. Be4 b5
28. Rb3 Rb8 29. Rc2 b4 30. a3 Qc5 31. Qh5 Kd6 32. Qg6 a5 33. axb4 Rxb4 34. Rxb4
axb4 35. b3 Ra7 36. Rd2 Qc7 37. c5+ Qxc5 38. Rc2 Qb5 39. Rc6+ Qxc6 40. Bxc6
Kxc6 41. Qxe6+ Kb5 42. Qc4+ Kb6 43. Qxb4+ Kc6 44. Qc4+ Kd6 45. Qd3 Re7 46. f3
e4 47. fxe4 Rc7 48. Kg1 Rc3 49. Qa6+ Ke5 50. Qg6 Rc7 51. Qf5+ Kd6 52. Qd5+ Ke7
53. e5 Rd7 54. Qc5+ Kf7 55. Qc4+ Kf8 56. e6 Re7 57. Qc8+ Re8 58. Qd7 Re7 59.
Qd8+ Re8 60. Qd6+ 1-0

[Event "Aeroflot Open 2012 A"]
[Site "Moscow"]
[Date "2012.02.09"]
[Round "3"]
[White "Le, Quang Liem"]
[Black "Iordachescu, Viorel"]
[Result "1/2-1/2"]
[WhiteElo "2714"]
[BlackElo "2651"]
[PlyCount "70"]
[EventDate "2012.02.07"]
[EventRounds "9"]
[EventCountry "RUS"]

1. d4 Nf6 2. c4 e6 3. Nc3 Bb4 4. Qc2 O-O 5. Nf3 c5 6. dxc5 Na6 7. c6 d5 8. Bd2
d4 9. Nb5 e5 10. Nxe5 Re8 11. c7 Bxd2+ 12. Qxd2 Nxc7 13. Nf3 Nxb5 14. cxb5 d3
15. Rd1 Ne4 16. Qxd3 Qa5+ 17. Nd2 Bf5 18. Qa3 Qxa3 19. bxa3 Nc3 20. Rc1 Nxe2
21. Bxe2 Bd3 22. O-O Bxe2 23. Rfe1 Bxb5 24. f3 Rxe1+ 25. Rxe1 Rd8 26. Nb3 Kf8
27. Rc1 b6 28. Kf2 h6 29. h4 g5 30. hxg5 hxg5 31. Rc2 a5 32. Ke3 Re8+ 33. Kf2
Rd8 34. Ke3 Re8+ 35. Kf2 Rd8 1/2-1/2

[Event "Aeroflot Open 2012 A"]
[Site "Moscow"]
[Date "2012.02.09"]
[Round "3"]
[White "Jobava, Baadur"]
[Black "Sokolov, Ivan"]
[Result "1/2-1/2"]
[WhiteElo "2704"]
[BlackElo "2641"]
[PlyCount "104"]
[EventDate "2012.02.07"]
[EventRounds "9"]
[EventCountry "RUS"]

1. d4 d5 2. c4 e6 3. Nc3 Bb4 4. e3 c5 5. Nf3 Nf6 6. Bd3 dxc4 7. Bxc4 Qc7 8. Bd2
O-O 9. Bd3 Nc6 10. O-O Rd8 11. Qe2 Qe7 12. dxc5 Bxc5 13. Rac1 e5 14. Ne4 Bb6
15. Nxf6+ Qxf6 16. Bc3 Bf5 17. Bxf5 Qxf5 18. Qb5 Qe6 19. Rfd1 e4 20. Ng5 Qg4
21. Rxd8+ Rxd8 22. h3 Qh5 23. Qf5 Re8 24. Bxg7 Bd8 25. Bh6 Qg6 26. Qxg6+ hxg6
27. h4 f6 28. Nh3 Be7 29. Rc4 Rd8 30. Rxe4 Rd1+ 31. Kh2 Rd2 32. g4 Rxb2 33. a4
a5 34. Nf4 Rb4 35. f3 Ne5 36. Kg3 Rxe4 37. fxe4 b5 38. axb5 a4 39. Nd5 a3 40.
Nc3 g5 41. hxg5 fxg5 42. b6 Kh7 43. b7 Nc6 44. Bxg5 Bxg5 45. e5 Bxe3 46. Kf3
Bd4 47. e6 Kg7 48. Na2 Kf6 49. Ke4 Be5 50. Kd5 Ne7+ 51. Kc4 Bd6 52. Nb4 Ke5
1/2-1/2

[Event "Aeroflot Open 2012 A"]
[Site "Moscow"]
[Date "2012.02.09"]
[Round "3"]
[White "Nisipeanu, Liviu-Dieter"]
[Black "Sasikiran, Krishnan"]
[Result "1/2-1/2"]
[WhiteElo "2647"]
[BlackElo "2700"]
[PlyCount "31"]
[EventDate "2012.02.07"]
[EventRounds "9"]
[EventCountry "RUS"]

1. d4 Nf6 2. c4 g6 3. Nc3 d5 4. Bg5 Ne4 5. Bh4 Nxc3 6. bxc3 dxc4 7. e3 Be6 8.
Nf3 Bg7 9. Be2 O-O 10. O-O c5 11. Rb1 cxd4 12. Nxd4 Bd5 13. Qc2 Qc7 14. Rfd1
Qe5 15. Bg3 Qe4 16. Qxe4 1/2-1/2

[Event "Aeroflot Open 2012 A"]
[Site "Moscow"]
[Date "2012.02.09"]
[Round "3"]
[White "Eljanov, Pavel"]
[Black "Socko, Bartosz"]
[Result "1/2-1/2"]
[WhiteElo "2690"]
[BlackElo "2636"]
[PlyCount "213"]
[EventDate "2012.02.07"]
[EventRounds "9"]
[EventCountry "RUS"]

1. d4 Nf6 2. c4 e6 3. Nf3 b6 4. g3 Bb7 5. Bg2 c5 6. d5 exd5 7. Nh4 g6 8. Nc3
Bg7 9. Bg5 h6 10. Bxf6 Bxf6 11. Nb5 Be5 12. f4 Bc7 13. O-O a6 14. Nc3 Qf6 15.
Nxd5 Bxd5 16. cxd5 d6 17. e4 Qxb2 18. Rb1 Qd4+ 19. Qxd4 cxd4 20. Rfc1 Ra7 21.
Nf3 Nd7 22. Nxd4 O-O 23. Nc6 Rb7 24. Bh3 b5 25. Bxd7 Bb6+ 26. Kf1 Rxd7 27. a4
g5 28. axb5 axb5 29. f5 Ra8 30. Rxb5 Be3 31. Rcb1 Ra4 32. R5b4 Ra2 33. R4b2 Ra4
34. Rb4 Ra2 35. R1b2 Ra1+ 36. Ke2 Bc5 37. Rb1 Ra3 38. R4b3 Ra2+ 39. R1b2 Ra4
40. Kd3 g4 41. Rc2 Bg1 42. Rb1 Ba7 43. Rbb2 Ra3+ 44. Rc3 Ra1 45. Rcc2 Ra3+ 46.
Kc4 Ra4+ 47. Rb4 Ra3 48. Re2 f6 49. Rbb2 Ra4+ 50. Kb5 Ra3 51. Ra2 Rb7+ 52. Kc4
Rxa2 53. Rxa2 Bg1 54. Nd8 Rb1 55. Ne6 Kf7 56. Nf4 Re1 57. Kb5 Ke7 58. Rc2 Kd7
59. Nh5 Bd4 60. Ra2 Ke7 61. Nf4 Bg1 62. h3 gxh3 63. Nxh3 Bc5 64. Nf4 Rxe4 65.
Rh2 Re3 66. Rxh6 Rxg3 67. Rh7+ Ke8 68. Nh5 Rb3+ 69. Kc4 Rb4+ 70. Kc3 Kd8 71.
Ng7 Kc7 72. Ne6+ Kb6 73. Rf7 Rh4 74. Rxf6 Kb5 75. Kd3 Rh3+ 76. Ke4 Kc4 77. Rf8
Re3+ 78. Kf4 Re1 79. Re8 Rf1+ 80. Kg5 Be3+ 81. Kg6 Rg1+ 82. Kf7 Kxd5 83. f6 Bd2
84. Rh8 Re1 85. Re8 Rf1 86. Rc8 Ke5 87. Ke7 Rxf6 88. Nd8 Rg6 89. Nf7+ Kd5 90.
Rc2 Bf4 91. Rf2 Bg3 92. Rf1 Ke4 93. Nxd6+ Bxd6+ 94. Kd7 Be5 95. Re1+ Kd5 96.
Rd1+ Bd4 97. Kd8 Rg7 98. Rd2 Ke5 99. Kc8 Bc5 100. Rd7 Rg8+ 101. Rd8 Rg1 102.
Rd2 Bd6 103. Kd7 Rg7+ 104. Kc6 Rc7+ 105. Kb5 Ke6 106. Rd3 Rc5+ 107. Kb4 1/2-1/2

[Event "Aeroflot Open 2012 A"]
[Site "Moscow"]
[Date "2012.02.09"]
[Round "3"]
[White "Andreikin, Dmitry"]
[Black "Khalifman, Alexander"]
[Result "1/2-1/2"]
[WhiteElo "2688"]
[BlackElo "2632"]
[PlyCount "27"]
[EventDate "2012.02.07"]
[EventRounds "9"]
[EventCountry "RUS"]

1. c4 Nf6 2. Nc3 e6 3. e4 c5 4. Nf3 Nc6 5. Be2 e5 6. O-O d6 7. d3 g6 8. a3 Bg7
9. b4 O-O 10. Rb1 Ne8 11. Nd5 Nc7 12. bxc5 dxc5 13. Re1 Ne6 14. Bb2 1/2-1/2

[Event "Aeroflot Open 2012 A"]
[Site "Moscow"]
[Date "2012.02.09"]
[Round "3"]
[White "Negi, Parimarjan"]
[Black "Zvjaginsev, Vadim"]
[Result "1/2-1/2"]
[WhiteElo "2641"]
[BlackElo "2688"]
[PlyCount "41"]
[EventDate "2012.02.07"]
[EventRounds "9"]
[EventCountry "RUS"]

1. e4 c5 2. Nf3 d6 3. d4 cxd4 4. Nxd4 Nf6 5. Nc3 Bd7 6. Be2 e6 7. O-O Be7 8. f4
Nc6 9. Be3 O-O 10. Nb3 Rc8 11. g4 d5 12. e5 Ne8 13. Rf3 g6 14. g5 Ng7 15. Bd3
Na5 16. Bd4 Nxb3 17. axb3 Bc5 18. Ne2 Qb6 19. c3 Bb5 20. Bxb5 Qxb5 21. b4
1/2-1/2

[Event "Aeroflot Open 2012 A"]
[Site "Moscow"]
[Date "2012.02.09"]
[Round "3"]
[White "Sjugirov, Sanan"]
[Black "Kobalia, Mikhail"]
[Result "1/2-1/2"]
[WhiteElo "2622"]
[BlackElo "2673"]
[PlyCount "126"]
[EventDate "2012.02.07"]
[EventRounds "9"]
[EventCountry "RUS"]

1. e4 e6 2. d4 d5 3. Nd2 c5 4. exd5 Qxd5 5. Ngf3 cxd4 6. Bc4 Qd8 7. O-O a6 8.
Nb3 Nc6 9. Nbxd4 Nxd4 10. Nxd4 Bd6 11. Re1 Ne7 12. Bd3 Qb6 13. Nf3 Qc7 14. g3
Ng6 15. Ng5 Be7 16. h4 Bxg5 17. Bxg5 h6 18. Bd2 O-O 19. Bc3 Bd7 20. h5 Ne7 21.
Qg4 e5 22. Qb4 Nd5 23. Qe4 Nf6 24. Qxe5 Qxe5 25. Rxe5 Bc6 26. Rae1 Rfd8 27. Be2
Rac8 28. f3 Ba4 29. Ba5 Re8 30. Rxe8+ Bxe8 31. g4 Rxc2 32. Bd3 Rc8 33. Kf2 Bc6
34. Kg3 Bd5 35. Bb1 Be6 36. Rd1 Bd7 37. a3 Re8 38. Re1 Rc8 39. Ba2 Bc6 40. Re5
Rf8 41. Rf5 Bd7 42. Re5 Bc6 43. Rf5 Bd7 44. Rf4 Bc6 45. Rd4 Re8 46. Rd8 Rxd8
47. Bxd8 Nd5 48. Ba5 Kf8 49. Bb1 Ke7 50. Be1 Bd7 51. Be4 Kd6 52. Bf2 f5 53.
gxf5 Bc6 54. Bxd5 Kxd5 55. f6 gxf6 56. Be3 Be8 57. Kg4 Bd7+ 58. Kh4 Ke6 59.
Bxh6 Kf5 60. Bg7 Bc6 61. f4 Kxf4 62. h6 Be4 63. Bxf6 Bg6 1/2-1/2

[Event "Aeroflot Open 2012 A"]
[Site "Moscow"]
[Date "2012.02.09"]
[Round "3"]
[White "Gajewski, Grzegorz"]
[Black "Bu, Xiangzhi"]
[Result "1/2-1/2"]
[WhiteElo "2616"]
[BlackElo "2670"]
[PlyCount "329"]
[EventDate "2012.02.07"]
[EventRounds "9"]
[EventCountry "RUS"]

1. d4 d5 2. c4 c6 3. Nf3 Nf6 4. Nc3 dxc4 5. a4 Bf5 6. e3 e6 7. Bxc4 Bb4 8. O-O
O-O 9. Qe2 Nbd7 10. e4 Bg6 11. Bd3 Bh5 12. e5 Nd5 13. Nxd5 cxd5 14. Qe3 Be7 15.
Ng5 Bxg5 16. Qxg5 Bg6 17. Be2 Nb8 18. Qe3 Nc6 19. Bd2 Qh4 20. Bc3 Qe4 21. Qd2
Qc2 22. Qxc2 Bxc2 23. a5 a6 24. Rfc1 Bg6 25. h4 h5 26. f3 f6 27. exf6 gxf6 28.
Kf2 Rac8 29. g4 Kf7 30. Rg1 Rh8 31. g5 Bf5 32. gxf6 Rcg8 33. Rg5 Kxf6 34. f4
Rxg5 35. fxg5+ Kg6 36. Ke3 Rf8 37. Rf1 Rc8 38. Be1 Re8 39. b4 Na7 40. Bd2 Nb5
41. Bxb5 axb5 42. Rc1 Rf8 43. Kf4 Bc2+ 44. Ke5 Rc8 45. Kxe6 Rc6+ 46. Ke5 Rc8
47. Bf4 Rc6 48. Kxd5 Kf5 49. Rxc2 Rxc2 50. Bd6 Rc3 51. Bc5 Rh3 52. Kd6 Rxh4 53.
Kc7 Rg4 54. Kxb7 h4 55. a6 h3 56. Bd6 Rf4 57. Bxf4 Kxf4 58. a7 h2 59. a8=Q
h1=Q+ 60. Ka7 Qa1+ 61. Kb8 Qxd4 62. Qa5 Kxg5 63. Qxb5+ Kh4 64. Qc5 Qd8+ 65. Kb7
Qd7+ 66. Kb6 Qd8+ 67. Kc6 Qc8+ 68. Kd6 Qd8+ 69. Ke6 Qg8+ 70. Kd7 Qg4+ 71. Kc7
Qg7+ 72. Kc6 Qg6+ 73. Qd6 Qe4+ 74. Kc7 Qc2+ 75. Qc6 Qh7+ 76. Kb6 Qd3 77. b5
Qe3+ 78. Qc5 Qe6+ 79. Kc7 Qf7+ 80. Kd8 Qg8+ 81. Kd7 Qg4+ 82. Kc7 Qg7+ 83. Kc6
Qg6+ 84. Qd6 Qc2+ 85. Kb7 Qg2+ 86. Kc8 Qg4+ 87. Qd7 Qc4+ 88. Kb7 Qe4+ 89. Ka6
Qa8+ 90. Kb6 Qb8+ 91. Ka6 Qa8+ 92. Qa7 Qc8+ 93. Qb7 Qe6+ 94. Qc6 Qa2+ 95. Kb7
Qf7+ 96. Kc8 Qf8+ 97. Kc7 Qf4+ 98. Qd6 Qf7+ 99. Kd8 Qg8+ 100. Kd7 Qg4+ 101. Qe6
Qd4+ 102. Kc6 Qc3+ 103. Kb6 Qd4+ 104. Ka5 Qc3+ 105. Ka4 Qd4+ 106. Kb3 Qd3+ 107.
Kb4 Qd2+ 108. Kc5 Qf2+ 109. Kc6 Qf3+ 110. Kc7 Qc3+ 111. Kd8 Qh8+ 112. Kd7 Qd4+
113. Qd6 Qg4+ 114. Kc7 Qg7+ 115. Kb6 Qg1+ 116. Qc5 Qf1 117. Qd4+ Kh3 118. Ka5
Qf5 119. Ka4 Qc2+ 120. Ka3 Qc1+ 121. Ka2 Qc2+ 122. Qb2 Qc7 123. b6 Qb7 124.
Qc3+ Kh4 125. Qd4+ Kh3 126. Kb3 Kg2 127. Qd2+ Kf1 128. Qf4+ Ke1 129. Qc1+ Kf2
130. Qd2+ Kf1 131. Qd4 Kg2 132. Kb4 Qe7+ 133. Qc5 Qd7 134. Qc2+ Kh3 135. Qb3+
Kg2 136. Ka5 Qd8 137. Qc2+ Kf1 138. Qf5+ Kg1 139. Qg4+ Kf2 140. Qf4+ Kg1 141.
Qg3+ Kf1 142. Qf3+ Kg1 143. Ka6 Qc8+ 144. b7 Qc4+ 145. Ka5 Qc5+ 146. Ka4 Qc4+
147. Ka3 Qc5+ 148. Ka2 Qc2+ 149. Ka3 Qc5+ 150. Kb3 Qb5+ 151. Kc3 Qc5+ 152. Kd3
Qa3+ 153. Ke4 Qe7+ 154. Kf4 Qf8+ 155. Kg3 Qd6+ 156. Kh4 Qe7+ 157. Kh3 Qh7+ 158.
Kg3 Qc7+ 159. Kg4 Qg7+ 160. Kf4 Qf8+ 161. Kg3 Qd6+ 162. Qf4 Qd3+ 163. Kg4 Qd7+
164. Kg3 Qd3+ 165. Qf3 1/2-1/2

[Event "Aeroflot Open 2012 A"]
[Site "Moscow"]
[Date "2012.02.09"]
[Round "3"]
[White "Balogh, Csaba"]
[Black "Salgado Lopez, Ivan"]
[Result "1-0"]
[WhiteElo "2665"]
[BlackElo "2618"]
[PlyCount "127"]
[EventDate "2012.02.07"]
[EventRounds "9"]
[EventCountry "RUS"]

1. e4 e5 2. Nf3 Nc6 3. Bb5 a6 4. Ba4 Nf6 5. O-O Be7 6. d3 b5 7. Bb3 O-O 8. a4
b4 9. Nbd2 d6 10. Nc4 h6 11. Re1 Be6 12. c3 bxc3 13. bxc3 Rb8 14. h3 Qc8 15.
Ba3 Rd8 16. Nfd2 Bf8 17. Qc2 Qd7 18. Rad1 Nh5 19. Ne3 Bxb3 20. Nxb3 Ne7 21. Na5
Nf4 22. d4 Neg6 23. Nf5 exd4 24. cxd4 d5 25. Bxf8 dxe4 26. Ne7+ Nxe7 27. Bxe7
Qxe7 28. Nc6 Qg5 29. Qxe4 Re8 30. Qf3 Rxe1+ 31. Rxe1 Rb3 32. Re3 Rxe3 33. fxe3
Nxg2 34. Qxg2 Qxe3+ 35. Kf1 Qd3+ 36. Kf2 Qd2+ 37. Kg3 Qe3+ 38. Qf3 Qe1+ 39. Qf2
Qc3+ 40. Qf3 Qe1+ 41. Kg2 Qd2+ 42. Qf2 Qg5+ 43. Kh2 g6 44. Ne5 Qe7 45. Qf4 Kg7
46. Kg3 f6 47. Nf3 Qd7 48. d5 h5 49. Qc4 Qd6+ 50. Kg2 Qb6 51. h4 Qb2+ 52. Kg3
Qb6 53. Nd4 Kh6 54. Kf3 Qb1 55. Ne2 Qb7 56. a5 Qc8 57. Qf4+ Kg7 58. Nd4 Kf7 59.
Ne6 c6 60. Qc7+ Qxc7 61. Nxc7 Ke7 62. Nxa6 Kd6 63. Nb4 cxd5 64. a6 1-0

[Event "Aeroflot Open 2012 A"]
[Site "Moscow"]
[Date "2012.02.09"]
[Round "3"]
[White "Korobov, Anton"]
[Black "Solak, Dragan"]
[Result "1-0"]
[WhiteElo "2660"]
[BlackElo "2613"]
[PlyCount "69"]
[EventDate "2012.02.07"]
[EventRounds "9"]
[EventCountry "RUS"]

1. d4 c6 2. c4 d5 3. Nf3 Nf6 4. Nc3 dxc4 5. a4 a5 6. e4 Bg4 7. Bxc4 e6 8. O-O
Bxf3 9. gxf3 Nbd7 10. Kh1 Be7 11. Rg1 O-O 12. Bh6 Ne8 13. Be3 g6 14. Qe2 Bf6
15. Rad1 Nd6 16. Ba2 Bg7 17. Bg5 Qc7 18. h4 Rfe8 19. h5 Qb6 20. Bf4 Qb4 21.
hxg6 hxg6 22. Rg4 Nb6 23. Kg2 Ndc4 24. Bc1 e5 25. d5 Rad8 26. Rh1 c5 27. Rgh4
Nd6 28. Rh7 f6 29. f4 exf4 30. Qg4 g5 31. Qh5 Kf8 32. Qg6 Rd7 33. Rxg7 Rxg7 34.
Rh8+ Ke7 35. Qxg7+ 1-0

[Event "Aeroflot Open 2012 A"]
[Site "Moscow"]
[Date "2012.02.09"]
[Round "3"]
[White "Rakhmanov, Aleksandr"]
[Black "Nepomniachtchi, Ian"]
[Result "1/2-1/2"]
[WhiteElo "2593"]
[BlackElo "2735"]
[PlyCount "123"]
[EventDate "2012.02.07"]
[EventRounds "9"]
[EventCountry "RUS"]

1. d4 Nf6 2. c4 g6 3. Nc3 d5 4. Nf3 Bg7 5. Qa4+ Bd7 6. Qb3 dxc4 7. Qxc4 O-O 8.
Bf4 Bc6 9. Ne5 e6 10. Nxc6 Nxc6 11. e3 Nh5 12. Bg3 Nxg3 13. hxg3 Ne7 14. Be2 c6
15. O-O e5 16. dxe5 Bxe5 17. Rad1 Qb6 18. Rd7 Bxc3 19. bxc3 Nd5 20. e4 Nf6 21.
Rd6 Ne8 22. Rd4 Rd8 23. Rfd1 Nf6 24. e5 Rxd4 25. Rxd4 Nd5 26. Bf3 Qb1+ 27. Kh2
Nb6 28. Qe2 Re8 29. Re4 Re6 30. Re3 g5 31. Bg4 Rh6+ 32. Bh3 Qg6 33. Qg4 Qh5 34.
Kg1 Qxg4 35. Bxg4 Kf8 36. Rd3 Ke8 37. Bf5 Nd5 38. c4 Nb6 39. Rd4 c5 40. Rg4 Ke7
41. Bd3 f6 42. Re4 f5 43. Re1 f4 44. gxf4 gxf4 45. g3 f3 46. Re3 Rh5 47. Rxf3
Rxe5 48. Rf4 h6 49. Rh4 Re6 50. Rh5 Nd7 51. Kg2 Ra6 52. Be4 Rxa2 53. Bxb7 a5
54. Bc8 Nb6 55. Ba6 Nd7 56. Bc8 Nb6 57. Ba6 Na4 58. Bb7 Rb2 59. Bc6 Nc3 60.
Rxc5 Kd6 61. Rxa5 Kxc6 62. Rh5 1/2-1/2

[Event "Aeroflot Open 2012 A"]
[Site "Moscow"]
[Date "2012.02.09"]
[Round "3"]
[White "Akopian, Vladimir"]
[Black "Ulibin, Mikhail"]
[Result "1-0"]
[WhiteElo "2685"]
[BlackElo "2587"]
[PlyCount "81"]
[EventDate "2012.02.07"]
[EventRounds "9"]
[EventCountry "RUS"]

1. d4 d5 2. c4 c5 3. cxd5 Qxd5 4. Nf3 cxd4 5. Nc3 Qa5 6. Nxd4 Nf6 7. Bd2 e5 8.
Ndb5 Na6 9. e4 Bc5 10. Be2 O-O 11. O-O h6 12. a3 Qd8 13. b4 Bb6 14. Na4 Nxe4
15. Nxb6 axb6 16. Be3 Bd7 17. Rc1 Bxb5 18. Bxb5 Nd6 19. Be2 Nb8 20. b5 Qe7 21.
Bxb6 Nd7 22. Bc7 Ne4 23. Bf3 Ndc5 24. b6 Rfd8 25. Bxd8 Rxd8 26. Qc2 Rd2 27. Qc4
Rd4 28. Qb5 Kh7 29. Rfd1 Rxd1+ 30. Bxd1 Qd6 31. Bc2 Qd2 32. Bxe4+ Nxe4 33. Rf1
Qd4 34. Qb4 Nc3 35. Qxd4 exd4 36. f3 d3 37. Rf2 Nb1 38. a4 d2 39. Rf1 Na3 40.
a5 Nc4 41. a6 1-0

[Event "Aeroflot Open 2012 A"]
[Site "Moscow"]
[Date "2012.02.09"]
[Round "3"]
[White "Bosiocic, Marin"]
[Black "Ragger, Markus"]
[Result "0-1"]
[WhiteElo "2580"]
[BlackElo "2655"]
[PlyCount "60"]
[EventDate "2012.02.07"]
[EventRounds "9"]
[EventCountry "RUS"]

1. d4 d5 2. c4 c6 3. Nc3 Nf6 4. e3 e6 5. Nf3 Nbd7 6. Bd3 dxc4 7. Bxc4 b5 8. Bd3
Bb7 9. O-O a6 10. e4 c5 11. d5 c4 12. Bc2 Qc7 13. Nd4 Nc5 14. Bg5 Bd6 15. f4 h6
16. Bxf6 gxf6 17. b4 Qb6 18. Nce2 Nd7 19. dxe6 fxe6 20. Kh1 Bxb4 21. a4 e5 22.
Nf5 O-O-O 23. axb5 a5 24. Qc1 Kb8 25. Ne3 Nc5 26. Nxc4 Qxb5 27. Nxa5 Qxe2 28.
Rg1 Rd2 29. Bb1 Nxe4 30. Bxe4 Bxe4 0-1

[Event "Aeroflot Open 2012 A"]
[Site "Moscow"]
[Date "2012.02.09"]
[Round "3"]
[White "Ju, Wenjun"]
[Black "Ni, Hua"]
[Result "1/2-1/2"]
[WhiteElo "2552"]
[BlackElo "2641"]
[PlyCount "28"]
[EventDate "2012.02.07"]
[EventRounds "9"]
[EventCountry "RUS"]

1. d4 d5 2. c4 c6 3. Nf3 Nf6 4. Nc3 dxc4 5. a4 e6 6. e3 c5 7. Bxc4 Nc6 8. O-O
cxd4 9. exd4 Be7 10. Qe2 O-O 11. Rd1 Nd5 12. Qe4 Nf6 13. Qe2 Nd5 14. Qe4 Nf6
1/2-1/2

[Event "Aeroflot Open 2012 A"]
[Site "Moscow"]
[Date "2012.02.09"]
[Round "3"]
[White "Ghaem Maghami, Ehsan"]
[Black "Khairullin, Ildar"]
[Result "1/2-1/2"]
[WhiteElo "2570"]
[BlackElo "2638"]
[PlyCount "26"]
[EventDate "2012.02.07"]
[EventRounds "9"]
[EventCountry "RUS"]

1. d4 Nf6 2. c4 e6 3. Nf3 d5 4. Nc3 dxc4 5. e3 a6 6. a4 c5 7. Bxc4 Nc6 8. O-O
Be7 9. Qe2 cxd4 10. Rd1 e5 11. exd4 exd4 12. Nxd4 Nxd4 13. Qe5 Qd6 1/2-1/2

[Event "Aeroflot Open 2012 A"]
[Site "Moscow"]
[Date "2012.02.09"]
[Round "3"]
[White "Safarli, Eltaj"]
[Black "Adhiban, B."]
[Result "1-0"]
[WhiteElo "2638"]
[BlackElo "2561"]
[PlyCount "75"]
[EventDate "2012.02.07"]
[EventRounds "9"]
[EventCountry "RUS"]

1. e4 c5 2. Nf3 d6 3. d4 cxd4 4. Nxd4 Nf6 5. Nc3 a6 6. Be3 Ng4 7. Bc1 Nf6 8. g3
e5 9. Nf3 Be7 10. Bg2 b5 11. Bg5 Nbd7 12. a4 Bb7 13. axb5 axb5 14. Rxa8 Bxa8
15. O-O b4 16. Nb5 Qb6 17. c4 Bxe4 18. Re1 Bxf3 19. Bxf3 O-O 20. Qd2 Nc5 21.
Nd4 Nfe4 22. Bxe4 Bxg5 23. Qxg5 exd4 24. Bd5 Qd8 25. Qd2 Qf6 26. Rd1 Re8 27.
Qxb4 g6 28. Re1 Rxe1+ 29. Qxe1 d3 30. b4 Nb3 31. c5 Nd4 32. c6 Ne2+ 33. Kg2 Qd4
34. Bf3 Qc4 35. Qd2 d5 36. c7 Nd4 37. Qf4 d2 38. c8=Q+ 1-0

[Event "Aeroflot Open 2012 A"]
[Site "Moscow"]
[Date "2012.02.09"]
[Round "3"]
[White "Esen, Baris"]
[Black "Mamedov, Rauf"]
[Result "1-0"]
[WhiteElo "2534"]
[BlackElo "2636"]
[PlyCount "59"]
[EventDate "2012.02.07"]
[EventRounds "9"]
[EventCountry "RUS"]

1. d4 b6 2. e4 Bb7 3. Bd3 g6 4. Ne2 Bg7 5. O-O c5 6. d5 d6 7. c4 Nf6 8. Nbc3
O-O 9. h3 e6 10. f4 exd5 11. exd5 Re8 12. Ng3 Nbd7 13. Bd2 Ba6 14. a4 h5 15.
Qc2 Ng4 16. Nge4 f5 17. Nxd6 Bd4+ 18. Kh1 Ne3 19. Bxe3 Rxe3 20. Rae1 Qe7 21.
Rxe3 Qxe3 22. Bxf5 gxf5 23. Nxf5 Qe8 24. Ne4 Bxc4 25. Nh6+ Kf8 26. Nd6 Bxf1 27.
Nxe8 Rxe8 28. Qg6 Ke7 29. Nf7 Kf8 30. Ng5 1-0

[Event "Aeroflot Open 2012 A"]
[Site "Moscow"]
[Date "2012.02.09"]
[Round "3"]
[White "Sethuraman, S.P."]
[Black "Guseinov, Gadir"]
[Result "1-0"]
[WhiteElo "2529"]
[BlackElo "2634"]
[PlyCount "123"]
[EventDate "2012.02.07"]
[EventRounds "9"]
[EventCountry "RUS"]

1. d4 Nf6 2. c4 g6 3. Nc3 Bg7 4. g3 O-O 5. Bg2 c5 6. d5 d6 7. Nf3 e6 8. O-O
exd5 9. cxd5 Re8 10. Nd2 a6 11. a4 Nbd7 12. h3 Rb8 13. a5 b5 14. axb6 Nxb6 15.
Qc2 Nfd7 16. Rd1 f5 17. e3 c4 18. Ne2 Qc7 19. Nf4 Nc5 20. Nxc4 Nxc4 21. Qxc4
Bd7 22. Nd3 Bb5 23. Qc2 Bxd3 24. Rxd3 Rec8 25. Rd1 Nb3 26. Qxc7 Rxc7 27. Rb1
Rbc8 28. Bd2 a5 29. Bf1 Rc2 30. Be1 R8c5 31. Bd3 Rc1 32. Rbxc1 Nxc1 33. b4 axb4
34. Bxb4 Nxd3 35. Rxd3 Rc1+ 36. Kg2 Bf8 37. Kf3 h5 38. Ra3 Rc4 39. Bd2 Be7 40.
Rc3 Ra4 41. Rc6 g5 42. Rb6 g4+ 43. hxg4 hxg4+ 44. Kg2 Ra2 45. Bb4 Bg5 46. Kf1
Ra1+ 47. Ke2 Ra2+ 48. Kd3 Rxf2 49. Bxd6 Rf3 50. Rb8+ Kf7 51. Rf8+ Kg7 52. Re8
Kf7 53. Re6 Rf2 54. Kc4 Rc2+ 55. Kb5 Rb2+ 56. Kc6 Rc2+ 57. Kd7 Rd2 58. Re5 Kf6
59. Ke8 Rd3 60. Re6+ Kg7 61. Bf8+ Kh7 62. d6 1-0